[Event "OL-NORD WEST 1718 SV Hellern - SV Tempo"]
[Site "?"]
[Date "2017.10.08"]
[Round "1.1"]
[White "Armbrust, Florian"]
[Black "Lingnau, Carsten"]
[Result "1/2-1/2"]
[WhiteElo "2320"]
[BlackElo "2421"]
[PlyCount "79"]
[EventDate "2017.??.??"]

1. e4 e5 2. Nf3 Nc6 3. Bb5 a6 4. Bxc6 dxc6 5. O-O Bd6 6. d4 exd4 7. Qxd4 f6 8.
Be3 Ne7 9. Nbd2 Be6 10. Qc3 Qd7 11. Nd4 Bf7 12. Nc4 c5 13. Ne2 O-O 14. Rfd1 Qc6
15. f3 Ng6 16. Ng3 Rfd8 17. Nf5 Bf8 18. Na5 Qb5 19. a4 Rxd1+ 20. Rxd1 Qxa4 21.
Nxb7 Qb4 22. Qxb4 cxb4 23. Rd7 a5 24. b3 a4 25. bxa4 Rxa4 26. Rxc7 Ra2 27. Nbd6
Be6 28. Nb5 Bxf5 29. exf5 Ne7 30. Rc5 g6 31. fxg6 hxg6 32. Rc4 Nf5 33. Bc5
Bxc5+ 34. Rxc5 b3 35. cxb3 Ne3 36. g3 Rg2+ 37. Kh1 Rb2 38. Rc1 Rxb3 39. Nd4 Rd3
40. Ne2 1/2-1/2

[Event "OL-NORD WEST 1718 SV Hellern - SV Tempo"]
[Site "?"]
[Date "2017.10.08"]
[Round "1.2"]
[White "Ewert, Hannes"]
[Black "Boettcher, Christian"]
[Result "1-0"]
[WhiteElo "2285"]
[BlackElo "2188"]
[PlyCount "127"]
[EventDate "2017.??.??"]

1. d4 f5 2. c4 Nf6 3. Nc3 g6 4. g3 Bg7 5. Bg2 O-O 6. Nh3 d6 7. O-O Nc6 8. d5
Ne5 9. Qb3 Ned7 10. Rd1 e5 11. dxe6 Nc5 12. Qc2 Nxe6 13. Nd5 Ne8 14. Be3 c6 15.
Nc3 Qe7 16. Qd2 Nc5 17. Bd4 Nf6 18. f3 Be6 19. b3 Rfd8 20. Qe3 Kf8 21. Rac1 Bf7
22. Qxe7+ Kxe7 23. Nf2 Ne6 24. Be3 Nc7 25. Nd3 d5 26. cxd5 Nfxd5 27. Nxd5+ Nxd5
28. Bc5+ Ke8 29. Re1 b6 30. Bf2 Rac8 31. e4 fxe4 32. Rxe4+ Kf8 33. Ne5 Nf6 34.
Ra4 Rc7 35. Rxc6 Rd1+ 36. Bf1 Rxc6 37. Nxc6 Bd5 38. Ne5 Ne8 39. Rd4 Rxd4 40.
Bxd4 Bxe5 41. Bxe5 Bxf3 42. Bb8 Nf6 43. Bxa7 Nd7 44. Bb5 Ke7 45. Kf2 Bd5 46.
Ke3 Kd6 47. Bxd7 Kxd7 48. Kd4 Kc6 49. Bxb6 Be6 50. Bd8 Kb5 51. Kc3 Bd7 52. a4+
Ka6 53. Kb4 Be6 54. Ka3 Bf5 55. b4 Bd7 56. b5+ Kb7 57. Kb4 Kc8 58. Bb6 g5 59.
a5 h5 60. Be3 g4 61. a6 Bf5 62. Bf4 Bd3 63. Ka5 Be2 64. b6 1-0

[Event "OL-NORD WEST 1718 SV Hellern - SV Tempo"]
[Site "?"]
[Date "2017.10.08"]
[Round "1.3"]
[White "Schmidt, Alexander"]
[Black "Stock, Joerg"]
[Result "0-1"]
[WhiteElo "2115"]
[BlackElo "2203"]
[PlyCount "112"]
[EventDate "2017.??.??"]

1. e4 c5 2. Nf3 e6 3. d4 cxd4 4. Nxd4 a6 5. c4 Nf6 6. Nc3 Qc7 7. Bd3 Nc6 8.
Nxc6 dxc6 9. O-O e5 10. Qc2 Bc5 11. Rb1 a5 12. Na4 Bd4 13. c5 Be6 14. b3 O-O
15. Qe2 Qe7 16. Be3 Rfd8 17. Rfd1 Bxe3 18. Qxe3 Rd4 19. f3 Nd7 20. Rbc1 Rd8 21.
Be2 Nf8 22. g3 f6 23. Qc3 Qc7 24. Nb6 Rxd1+ 25. Bxd1 Rd4 26. Be2 Qd8 27. Rc2
Nd7 28. Qxa5 Nxb6 29. cxb6 Rd1+ 30. Kg2 Rd4 31. g4 h5 32. h3 Kh7 33. Kf2 Qd7
34. Qc3 Qd8 35. Qa5 Qd7 36. Qe1 Qd8 37. Qa5 Qd7 38. Kg2 Qd8 39. Kf2 Kh6 40. Ke3
hxg4 41. hxg4 Kg6 42. Kf2 Qh8 43. Kg2 Qh6 44. Qc3 Rd8 45. Qe1 Rh8 46. Qg1 Qf4
47. Kf2 Rh2+ 48. Ke1 Qh6 49. Qc5 Qf4 50. Rc3 Rh1+ 51. Bf1 Bxg4 52. fxg4 Qxf1+
53. Kd2 Qd1+ 54. Ke3 Rh3+ 55. Kf2 Qd2+ 56. Kg1 Rxc3 0-1

[Event "OL-NORD WEST 1718 SV Hellern - SV Tempo"]
[Site "?"]
[Date "2017.10.08"]
[Round "1.4"]
[White "Happe, Reinhold"]
[Black "Liebig, Stefan"]
[Result "1/2-1/2"]
[WhiteElo "2119"]
[BlackElo "2116"]
[PlyCount "90"]
[EventDate "2017.??.??"]

1. c4 Nf6 2. Nc3 c6 3. d4 d5 4. cxd5 cxd5 5. Bf4 e6 6. e3 Bd6 7. Bxd6 Qxd6 8.
Bd3 Nc6 9. f4 h5 10. Nf3 Ng4 11. Qd2 a6 12. O-O Bd7 13. Rac1 Rc8 14. h3 Nh6 15.
Rfe1 f5 16. Qf2 Qe7 17. a3 Nf7 18. h4 Nd6 19. Nb1 O-O 20. Nbd2 Rfd8 21. Ne5 Ne4
22. Bxe4 fxe4 23. Nxc6 Bxc6 24. Rc3 Rc7 25. Rec1 Rdc8 26. Nf1 Bb5 27. Rxc7 Rxc7
28. Rxc7 Qxc7 29. Qd2 g6 30. Nh2 Qc4 31. g4 hxg4 32. Nxg4 Qf1+ 33. Kh2 Be2 34.
Ne5 Qf2+ 35. Kh1 Qf1+ 36. Kh2 Qf2+ 37. Kh1 Qxh4+ 38. Kg2 Bf3+ 39. Nxf3 Qg4+ 40.
Kf1 exf3 41. Qh2 Qf5 42. Kf2 Qe4 43. Qh4 Qc2+ 44. Kxf3 Qd1+ 45. Kf2 Qd2+
1/2-1/2

[Event "OL-NORD WEST 1718 SV Hellern - SV Tempo"]
[Site "?"]
[Date "2017.10.08"]
[Round "1.5"]
[White "Markgraf, Stefan"]
[Black "zur Lage, Julian"]
[Result "1-0"]
[WhiteElo "2088"]
[BlackElo "2156"]
[PlyCount "161"]
[EventDate "2017.??.??"]

1. e4 e5 2. Nf3 Nc6 3. Bb5 a6 4. Bxc6 dxc6 5. O-O Bg4 6. h3 h5 7. d3 Qf6 8. Re1
Bxf3 9. Qxf3 Qxf3 10. gxf3 Bd6 11. Nd2 Ne7 12. Nc4 Ng6 13. Kf1 O-O-O 14. Be3
Rhe8 15. Ke2 Be7 16. Rg1 Bf6 17. Rab1 Nf8 18. f4 exf4 19. Bxf4 Ne6 20. Be3 g6
21. Nd2 c5 22. Nf3 Bd4 23. Ng5 Nxg5 24. Rxg5 c4 25. Bxd4 Rxd4 26. Ke3 Red8 27.
Rd1 R8d6 28. f4 Kd7 29. b3 cxb3 30. axb3 Rb4 31. f5 Rb5 32. Rf1 Ke7 33. d4 gxf5
34. Rfxf5 Rxf5 35. Rxf5 Rh6 36. e5 h4 37. Rf4 a5 38. Kd3 b6 39. d5 Rh5 40. Kd4
Ke8 41. Ke4 Ke7 42. c4 Rg5 43. Rxh4 Rg3 44. Rh7 Ke8 45. e6 fxe6 46. dxe6 Rxb3
47. Kd5 Rd3+ 48. Ke4 Rb3 49. h4 a4 50. Rxc7 a3 51. Ra7 Rh3 52. Kd5 Rd3+ 53. Kc6
Rd4 54. Kb5 Rd6 55. Rxa3 Rxe6 56. Ra8+ Kd7 57. Rh8 Kc7 58. Rh7+ Kc8 59. h5 Rf6
60. h6 Re6 61. Ka6 Rc6 62. Rh8+ Kc7 63. h7 Rh6 64. Ra8 Rh5 65. c5 Rxc5 66. Rc8+
Kxc8 67. h8=Q+ Kc7 68. Qg7+ Kc6 69. Qf6+ Kd5 70. Kxb6 Rc4 71. Qf5+ Kd4 72. Kb5
Rc3 73. Qf6+ Kd3 74. Kb4 Rc4+ 75. Kb3 Rd4 76. Qf5+ Ke3 77. Kc3 Re4 78. Qg5+ Rf4
79. Qe5+ Re4 80. Qg3+ Ke2 81. Qd3+ 1-0

[Event "OL-NORD WEST 1718 SV Hellern - SV Tempo"]
[Site "?"]
[Date "2017.10.08"]
[Round "1.6"]
[White "Weist, Thorben"]
[Black "Karwatt, Lothar"]
[Result "1-0"]
[WhiteElo "1975"]
[BlackElo "2096"]
[PlyCount "69"]
[EventDate "2017.??.??"]

1. e4 e6 2. d4 d5 3. Nd2 c5 4. exd5 exd5 5. Ngf3 Nc6 6. Bb5 Bd6 7. O-O Nge7 8.
dxc5 Bxc5 9. Nb3 Bd6 10. Bg5 O-O 11. Bh4 Bg4 12. Be2 Re8 13. Re1 Qd7 14. Bg3
Bxg3 15. hxg3 Qc7 16. Nfd4 Bd7 17. Nxc6 bxc6 18. c4 Rad8 19. cxd5 cxd5 20. Rc1
Qd6 21. Qd2 Nc6 22. Nc5 Bc8 23. b4 Re7 24. Bb5 Ne5 25. Qf4 f6 26. Rcd1 Qb6 27.
Ba4 Ng6 28. Qd4 Rxe1+ 29. Rxe1 Qd6 30. Bb3 Kf8 31. Rd1 Ne7 32. a3 a6 33. Bc2
Nf5 34. Bxf5 Bxf5 35. Nb7 1-0

[Event "OL-NORD WEST 1718 SV Hellern - SV Tempo"]
[Site "?"]
[Date "2017.10.08"]
[Round "1.7"]
[White "Loehnhardt, Benjamin"]
[Black "Lewin, Tammo"]
[Result "1/2-1/2"]
[WhiteElo "2020"]
[BlackElo "2041"]
[PlyCount "91"]
[EventDate "2017.??.??"]

1. d4 d5 2. c4 e6 3. Nf3 c6 4. e3 f5 5. Ne5 Nf6 6. Bd3 Be7 7. Nd2 O-O 8. O-O
Ne4 9. f3 Nd6 10. b3 b6 11. Bb2 Bb7 12. Rc1 Nd7 13. cxd5 cxd5 14. Qe2 Nxe5 15.
dxe5 Nf7 16. f4 Bc5 17. Nf3 Qe7 18. Rc2 Rfc8 19. Rfc1 a5 20. Bb5 Rc7 21. Bd4
Nd8 22. a3 Rac8 23. a4 Ba3 24. Rxc7 Rxc7 25. Rxc7 Qxc7 26. Bb2 Bxb2 27. Qxb2
Qc5 28. Nd4 Kf7 29. Kf2 Nc6 30. Bxc6 Bxc6 31. Qc2 Qxc2+ 32. Nxc2 Ke7 33. Nd4
Bd7 34. Kg3 Kf7 35. Kh4 g6 36. g4 fxg4 37. Kxg4 h6 38. h4 Ke7 39. Kf3 Be8 40.
Kg4 Bd7 41. Kf3 Kf7 42. Kg3 Ke7 43. Kf2 Kf7 44. Kf3 Ke7 45. Ke2 Kf7 46. Kf3
1/2-1/2

[Event "OL-NORD WEST 1718 SV Hellern - SV Tempo"]
[Site "?"]
[Date "2017.10.08"]
[Round "1.8"]
[White "Hart, Martin"]
[Black "Kohlmeier, Frank"]
[Result "1/2-1/2"]
[WhiteElo "2090"]
[BlackElo "1951"]
[PlyCount "45"]
[EventDate "2017.??.??"]

1. e4 c5 2. d3 d6 3. g3 Nc6 4. Bg2 Nf6 5. Nc3 g6 6. f4 Bg4 7. Nf3 Nd4 8. h3
Nxf3+ 9. Bxf3 Bxf3 10. Qxf3 Bg7 11. O-O O-O 12. Be3 Nd7 13. g4 e6 14. Rab1 Bd4
15. Ne2 Bxe3+ 16. Qxe3 Qh4 17. Kg2 Rae8 18. Nc3 d5 19. Qg3 Qxg3+ 20. Kxg3 d4
21. Nb5 a6 22. Nd6 Rb8 23. a4 {(=)} 1/2-1/2

[Event "OL-NORD WEST 1718 Delmenhorster SK - SV"]
[Site "?"]
[Date "2017.10.08"]
[Round "1.1"]
[White "Buchal, Stephan"]
[Black "Korsus, Bernd"]
[Result "1/2-1/2"]
[WhiteElo "2347"]
[BlackElo "2333"]
[PlyCount "91"]
[EventDate "2017.??.??"]

1. e4 c5 2. Nf3 Nc6 3. Bb5 e6 4. Bxc6 bxc6 5. b3 Ne7 6. Bb2 Ng6 7. h4 h5 8. e5
Be7 9. Nc3 f5 10. d3 Qa5 11. Qd2 c4 12. d4 Rb8 13. Rh3 Qd8 14. Ne2 Nxh4 15.
Nxh4 Bxh4 16. Ba3 Bg5 17. f4 Bh4+ 18. Kd1 Be7 19. bxc4 Ba6 20. Bxe7 Qxe7 21.
Rb3 O-O 22. Rab1 Rbd8 23. c5 Qh4 24. Ng1 Bc4 25. Rh3 Qg4+ 26. Kc1 Bxa2 27. Ra1
Bd5 28. Raa3 Rb8 29. Qf2 Qxg2 30. Qxg2 Bxg2 31. Rxh5 Rb4 32. Rh2 Be4 33. Ne2
Rfb8 34. Rhh3 R8b7 35. Kd2 Bg2 36. Rhb3 a5 37. Ke3 Bd5 38. Rxb4 axb4 39. Ra6 b3
40. Rb6 Rxb6 41. cxb6 b2 42. Nc3 c5 43. Nb1 Kf7 44. dxc5 g5 45. fxg5 Kg6 46.
Kf4 {(=)} 1/2-1/2

[Event "OL-NORD WEST 1718 Delmenhorster SK - SV"]
[Site "?"]
[Date "2017.10.08"]
[Round "1.2"]
[White "Hoeffer, David"]
[Black "Lai Hop, Duong"]
[Result "1/2-1/2"]
[WhiteElo "2278"]
[BlackElo "2181"]
[PlyCount "133"]
[EventDate "2017.??.??"]

1. c4 c6 2. e4 d5 3. exd5 cxd5 4. d4 Nf6 5. Nc3 e6 6. Nf3 Bb4 7. Qb3 Nc6 8. Bg5
O-O 9. Be2 dxc4 10. Qxc4 Be7 11. O-O h6 12. Bf4 Nd5 13. Bg3 Bf6 14. Rfd1 Na5
15. Qd3 b6 16. Ne4 Be7 17. a3 Bb7 18. Rac1 Nc6 19. b4 Nf6 20. b5 Na5 21. Nxf6+
Bxf6 22. Ne5 Bd5 23. Nc6 Qe8 24. Bd6 Nxc6 25. Bxf8 Nxd4 26. Bb4 Qd7 27. Bc3 e5
28. Bxd4 exd4 29. Bf3 Bxf3 30. Qxf3 Rd8 31. Qc6 Be7 32. Qxd7 Rxd7 33. Rc8+ Kh7
34. Rd3 Bc5 35. Re8 f5 36. g3 Kg6 37. f4 Kf7 38. Re5 Kf6 39. Re8 Kf7 40. Re2 a6
41. a4 Ra7 42. Kg2 axb5 43. axb5 Ra5 44. Rb3 Kf6 45. Kf3 Ra1 46. h3 g5 47.
fxg5+ hxg5 48. g4 Rf1+ 49. Rf2 Rc1 50. gxf5 Kxf5 51. Re2 Rh1 52. Kg2 Rd1 53.
Rf3+ Kg6 54. Rf1 Rd3 55. Re6+ Kh5 56. Rff6 Rd2+ 57. Kf3 Rd3+ 58. Ke2 Rxh3 59.
Rh6+ Kg4 60. Rxh3 Kxh3 61. Rh6+ Kg3 62. Rc6 d3+ 63. Kxd3 Bf2 64. Ke2 g4 65. Kf1
Be3 66. Rf6 Bd4 67. Rf5 {(=)} 1/2-1/2

[Event "OL-NORD WEST 1718 Delmenhorster SK - SV"]
[Site "?"]
[Date "2017.10.08"]
[Round "1.3"]
[White "Elmali, Timur"]
[Black "Margraf, Daniel"]
[Result "0-1"]
[WhiteElo "2126"]
[BlackElo "2184"]
[PlyCount "84"]
[EventDate "2017.??.??"]

1. d4 Nf6 2. Nf3 e6 3. Bf4 Be7 4. h3 O-O 5. e3 b6 6. Bd3 Bb7 7. Nbd2 c5 8. c3
d5 9. O-O Ba6 10. Bxa6 Nxa6 11. Qa4 Qc8 12. Ne5 Re8 13. Rac1 Qb7 14. Qc6 Qxc6
15. Nxc6 Bf8 16. g4 Rec8 17. Ne5 b5 18. a3 Nb8 19. b4 c4 20. g5 Nfd7 21. e4 Nb6
22. Rfe1 a5 23. Nf1 axb4 24. axb4 Ra3 25. Bd2 f6 26. gxf6 gxf6 27. Ng4 Kf7 28.
Ra1 Ra4 29. exd5 exd5 30. Ng3 N8d7 31. Kg2 Rca8 32. Rad1 Re8 33. Rxe8 Kxe8 34.
Nh5 Kf7 35. Kf3 Ra3 36. Ne3 Bh6 37. Nf4 Bxf4 38. Kxf4 Nf8 39. Kf5 Ne6 40. h4 h5
41. Re1 Nc8 42. Nxd5 Nd6# 0-1

[Event "OL-NORD WEST 1718 Delmenhorster SK - SV"]
[Site "?"]
[Date "2017.10.08"]
[Round "1.4"]
[White "Silber, Kevin"]
[Black "Krallmann, Matthias"]
[Result "1/2-1/2"]
[WhiteElo "1992"]
[BlackElo "2146"]
[PlyCount "79"]
[EventDate "2017.??.??"]

1. e4 e5 2. Nf3 Nc6 3. Bb5 a6 4. Bxc6 dxc6 5. O-O Be7 6. c3 Bf6 7. d4 Bg4 8.
dxe5 Qxd1 9. Rxd1 Bxe5 10. Rd3 f6 11. Nbd2 Bd6 12. Nc4 O-O-O 13. Nxd6+ Rxd6 14.
Rxd6 cxd6 15. Bf4 Bxf3 16. gxf3 d5 17. exd5 cxd5 18. Rd1 Ne7 19. Bd6 Re8 20.
Kf1 Nf5 21. Rxd5 Nxd6 22. Rxd6 Re5 23. Rd4 Kc7 24. Rg4 g6 25. Rh4 h5 26. Re4
Rb5 27. b4 Kd6 28. Ke2 Rg5 29. a4 b5 30. a5 Rg1 31. Re8 Kd5 32. Kd3 Rd1+ 33.
Kc2 Rf1 34. Ra8 Kc4 35. Rc8+ Kd5 36. Kb3 Rb1+ 37. Kc2 Rf1 38. Kb3 Rb1+ 39. Kc2
Rf1 40. Kb3 1/2-1/2

[Event "OL-NORD WEST 1718 Delmenhorster SK - SV"]
[Site "?"]
[Date "2017.10.08"]
[Round "1.5"]
[White "Brinkmann, Fabian"]
[Black "Steffens, Oliver"]
[Result "0-1"]
[WhiteElo "2087"]
[BlackElo "2028"]
[PlyCount "66"]
[EventDate "2017.??.??"]

1. e4 c5 2. Nf3 Nc6 3. d4 cxd4 4. Nxd4 Nf6 5. Nc3 e5 6. Ndb5 d6 7. Bg5 a6 8.
Na3 b5 9. Nd5 Be7 10. Bxf6 Bxf6 11. c3 Bg5 12. Nc2 O-O 13. a4 bxa4 14. Rxa4 a5
15. Bc4 Be6 16. O-O Ne7 17. Nce3 Kh8 18. Qd3 Nxd5 19. Nxd5 f5 20. g3 fxe4 21.
Qxe4 Bh3 22. Rd1 Bf5 23. Qe2 Rc8 24. b4 axb4 25. cxb4 Be6 26. Ra6 Qd7 27. Nb6
Bxc4 28. Qxc4 Qf5 29. Qf1 Rc2 30. Ra8 Bd8 31. Nd5 Rxf2 32. Ne3 Qf3 33. Ra3 Bb6
0-1

[Event "OL-NORD WEST 1718 Delmenhorster SK - SV"]
[Site "?"]
[Date "2017.10.08"]
[Round "1.6"]
[White "Thimm, Torsten"]
[Black "Buescher, Andre"]
[Result "1-0"]
[WhiteElo "2076"]
[BlackElo "2054"]
[PlyCount "99"]
[EventDate "2017.??.??"]

1. e4 e6 2. d4 d5 3. Nd2 h6 4. c3 c5 5. exd5 exd5 6. Bb5+ Bd7 7. Qe2+ Qe7 8.
Bxd7+ Nxd7 9. Ngf3 Qxe2+ 10. Kxe2 O-O-O 11. Re1 Re8+ 12. Kf1 Rxe1+ 13. Kxe1 Bd6
14. dxc5 Nxc5 15. Nb3 Nf6 16. Be3 b6 17. Rc1 Re8 18. Kf1 Na4 19. Rc2 Ne4 20.
Re2 Kb7 21. Nbd4 a6 22. Nf5 Bf8 23. Bf4 Nac5 24. N3d4 Ne6 25. Be3 h5 26. f3 Nd6
27. Bf4 Nxf5 28. Nxf5 Rd8 29. Be5 g6 30. Nd4 Nxd4 31. Bxd4 Kc6 32. b4 Bd6 33.
Bf6 Rd7 34. g3 a5 35. a3 axb4 36. axb4 Ra7 37. Kf2 Rd7 38. Ra2 Kb5 39. Ke3 Kc4
40. Ra8 Be7 41. Rc8+ Kb5 42. Bd4 Rd6 43. Rc7 Re6+ 44. Kd3 f5 45. f4 Bf6 46.
Bxf6 Rxf6 47. Re7 Kc6 48. Kd4 Rd6 49. Ke5 d4 50. b5+ 1-0

[Event "OL-NORD WEST 1718 Delmenhorster SK - SV"]
[Site "?"]
[Date "2017.10.08"]
[Round "1.7"]
[White "Franke, Reiner"]
[Black "Grebener, Soeren"]
[Result "1/2-1/2"]
[WhiteElo "2255"]
[BlackElo "2021"]
[PlyCount "93"]
[EventDate "2017.??.??"]

1. Nf3 Nf6 2. c4 c6 3. e3 d5 4. Nc3 e6 5. b3 Bd6 6. Bb2 O-O 7. d4 Nbd7 8. Qc2
Re8 9. Be2 b6 10. O-O Bb7 11. Rfd1 Rc8 12. Rac1 h6 13. h3 Qe7 14. e4 dxe4 15.
Nxe4 Ba3 16. Nxf6+ Nxf6 17. Bxa3 Qxa3 18. c5 Ba6 19. Ne5 Bxe2 20. Qxe2 b5 21.
Qf3 Qa6 22. a4 b4 23. Nc4 Red8 24. Rd3 Rd5 25. Nd6 Rc7 26. Rc4 Qa5 27. Qe3 Rg5
28. Qd2 Nd5 29. f4 Rg6 30. Rc1 Rd7 31. Rf3 Qd8 32. Re1 f5 33. Re5 a5 34. Kh2
Nc7 35. Rf1 Ne8 36. d5 cxd5 37. Nxe8 Qxe8 38. Rfe1 Re7 39. Qd3 Qd7 40. Qb5 Qc7
41. c6 Re8 42. g3 Rb8 43. Qc5 Kf7 44. Rc1 Rc8 45. Kg2 Rf6 46. Kf3 g5 47. Qb5 {
(=)} 1/2-1/2

[Event "OL-NORD WEST 1718 Delmenhorster SK - SV"]
[Site "?"]
[Date "2017.10.08"]
[Round "1.8"]
[White "Monnerjahn, Lukas Malte"]
[Black "Heldt, Nils-Lennart"]
[Result "0-1"]
[WhiteElo "1784"]
[BlackElo "2001"]
[PlyCount "36"]
[EventDate "2017.??.??"]

1. e4 c5 2. Nf3 d6 3. d4 cxd4 4. Nxd4 Nf6 5. Nc3 a6 6. Bg5 Nbd7 7. Qd2 h6 8.
Bh4 g6 9. f3 e5 10. Nb3 Be7 11. O-O-O Qc7 12. Kb1 Rb8 13. Bf2 b5 14. Be3 h5 15.
Be2 b4 16. Nd5 Nxd5 17. Qxd5 Nc5 18. Bc4 Be6 0-1

[Event "OL-NORD WEST 1718 Hamelner SV - SF Hann"]
[Site "?"]
[Date "2017.10.08"]
[Round "1.1"]
[White "Schirm, Friedmar"]
[Black "Tonndorf, Matthias"]
[Result "0-1"]
[WhiteElo "2271"]
[BlackElo "2285"]
[PlyCount "70"]
[EventDate "2017.??.??"]

1. g3 c5 2. Bg2 Nc6 3. c4 g6 4. Nc3 Bg7 5. a3 e6 6. b4 d6 7. Rb1 Nge7 8. bxc5
dxc5 9. Ne4 b6 10. Bb2 e5 11. h4 h6 12. d3 O-O 13. Nf3 f5 14. Nc3 Be6 15. Qc1
Qd7 16. Nd1 Rad8 17. Bc3 Nd4 18. Qb2 Nec6 19. e3 e4 20. dxe4 fxe4 21. Nd2 Nf3+
22. Bxf3 exf3 23. Bxg7 Qxg7 24. Qxg7+ Kxg7 25. Nb2 Ne5 26. a4 Rd7 27. a5 Rfd8
28. Rd1 bxa5 29. Nb3 Rxd1+ 30. Nxd1 Nd3+ 31. Kf1 a4 32. Na1 Nf4 33. Nc3 Bxc4+
34. Kg1 Ne2+ 35. Nxe2 Rd1+ 0-1

[Event "OL-NORD WEST 1718 Hamelner SV - SF Hann"]
[Site "?"]
[Date "2017.10.08"]
[Round "1.2"]
[White "van Son, Lutz"]
[Black "Ackermann, Dennie"]
[Result "1-0"]
[WhiteElo "2131"]
[BlackElo "2172"]
[PlyCount "63"]
[EventDate "2017.??.??"]

1. e4 e5 2. Nc3 Nf6 3. f4 d5 4. fxe5 Nxe4 5. d3 Nxc3 6. bxc3 Be7 7. Nf3 O-O 8.
Be2 c5 9. d4 Qa5 10. Bd2 c4 11. O-O Bg4 12. Qe1 Nc6 13. Qg3 Bh5 14. Rf2 Bg6 15.
Bd1 f6 16. e6 Kh8 17. Nh4 Be4 18. Bf3 f5 19. Bh5 g5 20. Nf3 f4 21. Qh3 Bf5 22.
Bg4 Be4 23. Bh5 Bf5 24. g4 Be4 25. Bf7 Kg7 26. Rb1 b6 27. Bxf4 gxf4 28. g5 Rxf7
29. Qh6+ Kg8 30. exf7+ Kxf7 31. Qxc6 Rf8 32. Ne5+ 1-0

[Event "OL-NORD WEST 1718 Hamelner SV - SF Hann"]
[Site "?"]
[Date "2017.10.08"]
[Round "1.3"]
[White "Boehm, Juergen"]
[Black "Renner, Kai"]
[Result "1-0"]
[WhiteElo "2184"]
[BlackElo "2138"]
[PlyCount "65"]
[EventDate "2017.??.??"]

1. d4 f5 2. Nf3 Nf6 3. g3 e6 4. Bg2 Be7 5. O-O O-O 6. c4 d6 7. b4 a5 8. b5 Ne4
9. Bb2 b6 10. Nfd2 d5 11. Nc3 Nxc3 12. Bxc3 Bb7 13. cxd5 exd5 14. Nc4 Qd7 15.
a4 Qe6 16. Ne5 Nd7 17. Nxd7 Qxd7 18. Qb3 f4 19. Bd2 fxg3 20. hxg3 Bf6 21. Be3
Rae8 22. Rac1 Rf7 23. Rc2 Qd8 24. Rfc1 Ree7 25. Bf3 Qd7 26. Bf4 Bxd4 27. Rxc7
Qd8 28. Rxb7 Rxb7 29. Bxd5 Kf8 30. Bxb7 Rxb7 31. Qe6 Bc5 32. Rxc5 bxc5 33. Bd6+
1-0

[Event "OL-NORD WEST 1718 Hamelner SV - SF Hann"]
[Site "?"]
[Date "2017.10.08"]
[Round "1.5"]
[White "Edel, Thomas"]
[Black "David, Adrian"]
[Result "1/2-1/2"]
[WhiteElo "2107"]
[BlackElo "2274"]
[PlyCount "26"]
[EventDate "2017.??.??"]

1. d4 e6 2. c4 b6 3. Nf3 Bb7 4. g3 Nf6 5. Bg2 Bb4+ 6. Bd2 c5 7. O-O Bxd2 8.
Qxd2 cxd4 9. Nxd4 Bxg2 10. Kxg2 d5 11. cxd5 Qxd5+ 12. Nf3 O-O 13. Qxd5 Nxd5 {
(=)} 1/2-1/2

[Event "OL-NORD WEST 1718 Hamelner SV - SF Hann"]
[Site "?"]
[Date "2017.10.08"]
[Round "1.6"]
[White "Gerstmann, Frank"]
[Black "Liebau, Andreas"]
[Result "1/2-1/2"]
[WhiteElo "2139"]
[BlackElo "2227"]
[PlyCount "81"]
[EventDate "2017.??.??"]

1. e4 d6 2. d3 c5 3. Nf3 Nc6 4. g3 g6 5. Bg2 Bg7 6. O-O e5 7. Nc3 Nge7 8. Nh4
O-O 9. f4 exf4 10. Bxf4 h6 11. Nf3 Be6 12. Qd2 Kh7 13. Rae1 a6 14. Kh1 Qd7 15.
Na4 Rad8 16. e5 Nxe5 17. Nxe5 dxe5 18. Nxc5 Qc8 19. Nxe6 Qxe6 20. Qa5 Nc6 21.
Qb6 Qd7 22. Be3 f5 23. Rf2 Rf6 24. Qb3 b5 25. Bc5 Re6 26. Rfe2 Ree8 27. a4 Nd4
28. Bxd4 bxa4 29. Qb7 Qxb7 30. Bxb7 Rxd4 31. Bxa6 Rb4 32. c3 Rb6 33. Bc4 Reb8
34. Ra1 Rxb2 35. Rxb2 Rxb2 36. Rxa4 Rc2 37. Ra8 h5 38. Rc8 h4 39. gxh4 Kh6 40.
Bf7 e4 41. dxe4 {(=)} 1/2-1/2

[Event "OL-NORD WEST 1718 Hamelner SV - SF Hann"]
[Site "?"]
[Date "2017.10.08"]
[Round "1.7"]
[White "Herrmann, Andreas"]
[Black "Koch, Yannick"]
[Result "1/2-1/2"]
[WhiteElo "2163"]
[BlackElo "1989"]
[PlyCount "80"]
[EventDate "2017.??.??"]

1. d4 e6 2. Nf3 Nf6 3. Bg5 c5 4. c3 b6 5. Nbd2 Ba6 6. g3 Be7 7. Bg2 d5 8. O-O
O-O 9. Re1 Nbd7 10. Qa4 Bb7 11. Rad1 a6 12. Ne5 b5 13. Qc2 Rc8 14. Qb1 cxd4 15.
cxd4 Nxe5 16. dxe5 Ng4 17. Bxe7 Qxe7 18. Nf3 Qc5 19. e3 Qc2 20. Rd2 Qxb1 21.
Rxb1 f6 22. exf6 gxf6 23. Nd4 Kf7 24. Re1 Ne5 25. Bh3 Rfe8 26. f4 Nd7 27. e4
dxe4 28. Nxe6 Nc5 29. f5 Nd3 30. Red1 Rc4 31. Bf1 Bd5 32. Bxd3 exd3 33. Rxd3
Bxe6 34. fxe6+ Rxe6 35. R1d2 Kg6 36. Kg2 Rc1 37. Rd4 h5 38. Kh3 Rc5 39. Rd6
Rxd6 40. Rxd6 Rc2 1/2-1/2

[Event "OL-NORD WEST 1718 Hamelner SV - SF Hann"]
[Site "?"]
[Date "2017.10.08"]
[Round "1.8"]
[White "Brunotte, Peter"]
[Black "Witthaus, Joerg"]
[Result "1/2-1/2"]
[WhiteElo "2009"]
[BlackElo "2009"]
[PlyCount "68"]
[EventDate "2017.??.??"]

1. e4 e6 2. d4 d5 3. exd5 exd5 4. Bd3 Nc6 5. Ne2 Bd6 6. c3 Nge7 7. Bf4 Bf5 8.
Qc2 Bxd3 9. Qxd3 O-O 10. Bxd6 Qxd6 11. Nd2 Rfe8 12. O-O Ng6 13. Rfe1 b6 14. Qg3
Qxg3 15. hxg3 Rad8 16. Kf1 f6 17. Nf4 Nxf4 18. gxf4 Kf7 19. Rxe8 Rxe8 20. Re1
Rxe1+ 21. Kxe1 h5 22. Ke2 Ne7 23. Nf3 Ke6 24. g3 Kf5 25. Nh2 g5 26. fxg5 fxg5
27. f3 c5 28. g4+ hxg4 29. Nxg4 Kf4 30. dxc5 bxc5 31. Nf2 Ke5 32. Nd3+ Kd6 33.
Nf2 Ke5 34. Nd3+ Kd6 1/2-1/2

[Event "OL-NORD WEST 1718 SV Lingen - HSK Liste"]
[Site "?"]
[Date "2017.10.08"]
[Round "1.1"]
[White "Hoffmann, Lukas"]
[Black "Epishin, Vladimir"]
[Result "1/2-1/2"]
[WhiteElo "2297"]
[BlackElo "2519"]
[PlyCount "55"]
[EventDate "2017.??.??"]

1. e4 c6 2. d4 d5 3. exd5 cxd5 4. Nf3 Nf6 5. Ne5 g6 6. Bb5+ Bd7 7. Nxd7 Nbxd7
8. c3 Bg7 9. O-O O-O 10. Nd2 a6 11. Bd3 Qc7 12. Nf3 e6 13. Qe2 Qc6 14. Ne5 Nxe5
15. dxe5 Nd7 16. f4 Nc5 17. Bc2 Na4 18. Bb3 b5 19. Be3 a5 20. a3 Nb6 21. Bd4
Nc4 22. Rae1 Rae8 23. Rf2 f6 24. exf6 Bxf6 25. Bxf6 Rxf6 26. Bxc4 bxc4 27. Qe3
Qc7 28. Qc1 1/2-1/2

[Event "OL-NORD WEST 1718 SV Lingen - HSK Liste"]
[Site "?"]
[Date "2017.10.08"]
[Round "1.2"]
[White "Milanovic, Danilo"]
[Black "Buchenau, Frank"]
[Result "1/2-1/2"]
[WhiteElo "2488"]
[BlackElo "2242"]
[PlyCount "118"]
[EventDate "2017.??.??"]

1. d4 e6 2. c4 Nf6 3. Nc3 Bb4 4. e3 c5 5. Bd3 Nc6 6. Nge2 d5 7. cxd5 Nxd5 8.
O-O cxd4 9. exd4 O-O 10. Qc2 g6 11. Bh6 Re8 12. Rad1 Bd6 13. Qc1 Nxc3 14. bxc3
Qc7 15. Ng3 f5 16. Rfe1 Bd7 17. Nh5 Qd8 18. Ng7 Re7 19. Nxe6 Bxe6 20. Rxe6 Rxe6
21. Bc4 Qc8 22. Bxe6+ Qxe6 23. d5 Qe5 24. f4 Qe4 25. dxc6 Qxc6 26. Qc2 Qb6+ 27.
Kh1 Re8 28. h3 Re6 29. Rb1 Qe3 30. Qb3 b6 31. Rd1 Be7 32. Qa4 Kf7 33. Qxa7 Qxc3
34. Bg5 Qa5 35. Qc7 Qc5 36. Qb7 Kf8 37. Bh6+ Kf7 38. Bg5 Kf8 39. Bh6+ Kf7 40.
Qa8 Rd6 41. Re1 Qa5 42. Qxa5 bxa5 43. Re5 a4 44. Ra5 a3 45. Bg5 Rd1+ 46. Kh2
Bf8 47. Ra7+ Ke6 48. Rxh7 Rd2 49. Ra7 Rxa2 50. Ra6+ Bd6 51. Bf6 Kd5 52. Be5
Bxe5 53. fxe5 f4 54. e6 f3 55. e7 Rxg2+ 56. Kh1 Re2 57. Rxa3 Re1+ 58. Kh2 f2
59. Rf3 Rxe7 1/2-1/2

[Event "OL-NORD WEST 1718 SV Lingen - HSK Liste"]
[Site "?"]
[Date "2017.10.08"]
[Round "1.3"]
[White "Hoerstmann, Martin"]
[Black "Gutman, Lev"]
[Result "0-1"]
[WhiteElo "2255"]
[BlackElo "2406"]
[PlyCount "78"]
[EventDate "2017.??.??"]

1. Nf3 Nf6 2. c4 g6 3. Nc3 Bg7 4. e4 O-O 5. d4 d6 6. Be2 Bg4 7. Be3 Nfd7 8. Ng1
Bxe2 9. Ngxe2 a6 10. Rc1 c5 11. Qd2 Nc6 12. O-O cxd4 13. Nxd4 Nde5 14. b3 Ng4
15. Nxc6 bxc6 16. c5 Nxe3 17. Qxe3 d5 18. Qe2 e6 19. Rfd1 Qa5 20. Na4 Rad8 21.
exd5 exd5 22. Re1 Bf6 23. g3 Kg7 24. Kg2 Rfe8 25. Qxe8 Rxe8 26. Rxe8 Qd2 27.
Rce1 Qxa2 28. R8e3 g5 29. R1e2 Qb1 30. h3 h5 31. g4 hxg4 32. hxg4 Qd1 33. f3
Bd4 34. Re1 Qc2+ 35. R1e2 Qh7 36. Re7 Qb1 37. Rc7 Qg1+ 38. Kh3 Qh1+ 39. Rh2 Be5
0-1